000 00611nam a2200157Ia 4500
008 100122s9999 xx 000 0 und d
082 _b67874
_a823
100 _aकोबेन हार्लन
245 _aगॉन फॉर गुड अनु- अजित ठाकूर
260 _bमेहता पब्लिशिंग हाऊस
_c2005
300 _a376
630 _aगॉन फॉर गुड अनु- अजित ठाकूर
700 _aठाकूर अजित
730 _aगॉन फॉर गुड अनु- अजित ठाकूर
942 _cBOOK
999 _c439706
_d439703